000 00206nam a22000857a 4500
001 1301007
005 20260424084012.0
245 _aZaman Yolcuları Çanakkale
_cMUSTAFA ORAKÇI
260 _bGENÇ TİMAŞ YAY.
999 _c1301007
_d1301007